[Event "Washington Class-ch A"]
[Site "Seattle"]
[Date "2006.11.24"]
[Round "1"]
[White "Manber, Devon"]
[Black "Grant, Peter"]
[Result "1-0"]
[WhiteElo "1773"]
[BlackElo "1944"]
[PlyCount "85"]
[EventDate "2006.11.24"]
[EventType "swiss"]
[EventRounds "6"]
[EventCountry "USA"]
[SourceTitle "EXT 2017"]
[Source "ChessBase"]
[SourceDate "2016.10.25"]
[SourceVersion "1"]
[SourceVersionDate "2016.10.25"]
[SourceQuality "1"]

1. e4 c5 2. Nf3 Nc6 3. d4 cxd4 4. Nxd4 g6 5. Nc3 Bg7 6. Be3 Nf6 7. h3 d6 8. Bc4 a6 9. 0-0 0-0 10. Bb3 Na5 11. f4 Nxb3 12. axb3 Bd7 13. f5 Bc6 14. Qf3 Nd7 15. Qg4 Nf6 16. Qh4 d5 17. e5 Ne4 18. Nxe4 dxe4 19. Nxc6 bxc6 20. Rad1 Qc7 21. f6 exf6 22. exf6 Bh8 23. Qxe4 Rfe8 24. Qd4 Rad8 25. Qc3 h5 26. Bc5 Rxd1 27. Rxd1 Qf4 28. Rf1 Qg5 29. Bd4 Qd5 30. Qc4 Qxc4 31. bxc4 Re2 32. Rf2 Re6 33. Kf1 Kf8 34. Bc5+ Ke8 35. Be7 Kd7 36. c5 Kc7 37. g4 hxg4 38. hxg4 Re4 39. g5 Re3 40. Bd6+ Kd7 41. Re2 Rh3 42. Re7+ Kd8 43. Rxf7 1-0